Genshin Impact Characters By Quotes in Their Voice-overs - Statistics

General Stats
  • This quiz has been taken 57 times
  • The average score is 12 of 56
Answer Stats
Hint Answer % Correct
Hey! Raiden Shogun, is that you? Well guess what — you're not the boss of me. Uh-huh, that's right, you heard me! Go ahead, strike me down! Arataki Itto
74%
Osmanthus wine tastes the same as I remember... But where are those who share the memory? Zhongli
72%
Who? Raiden Shogun
64%
A hundred years have passed, yet there hasn't been any change to those dumb rules at the Akademiya... Faruzan
62%
The wind has returned! Quick, let's go gliding! Venti
62%
Lemme show you some fire tricks. First... Fire! And then... Whoosh! Fire butterfly! Be free! Hu Tao
54%
Hey... Um... I know I said I don't wanna go home and all, but now it's nighttime and I can't find my way home in the dark...Can you please take me home on your way back? Pleeeease? Klee
51%
Turning in for the night? Hmm... I've been flying all day, so I should also do some gun care. Chasca
49%
Ah, my apologies. This heavy rain must be quite an inconvenience for you. Neuvillette
49%
Drat! Missed it again. I never quite manage to get a shot of the lightning strike... Charlotte
41%
Word of advice: Don't break the law. Hmm, is there anything else? Oh, yeah... Seriously, don't break the law. Wriothesley
41%
I hope my joints won't get rusty... Ineffa
38%
Entering Standby Mode... I hope nobody disturbs me. Lynette
36%
What? Why do you ask? ...It's an owl, quietly watching its prey from the darkness, waiting for the perfect moment to strike... Flawless. Diluc
33%
*$@#@%#^ here. I don't know this world, but my arrows are sharp and my bow's ready. If your party needs help, I'll do what I can. Aloy
31%
Are you tired? Try my new spicy energy drink, I'm sure it'll wake you up! Barbara
26%
You're headed off? Cool. It was awesome adventuring with you. We should totally do it again! Bennett
26%
That said, a Vision doesn't hurt to have as a little accessory. It is, after all, the one useful study tool that miserly old lady ever gave me, in a rare act of generosity. Mona
26%
Even when we're not looking up at the stars, they're always there, watching over us. Layla
23%
The best rattan furniture is made from strands that are smooth, thin, and strong like silk. Furniture like that can be just as precious as a silver family heirloom... That's no exaggeration! Lan Yan
21%
Strength is one of those things where you gotta use it or lose it! So, wanna train with me some time? Varesa
21%
There's no such thing as pure freedom in this world. Even the wind cannot blow on forever. Wanderer
21%
This weather's a good chance to train outdoors. Iansan
18%
I want to build a snowman. Will you help? Qiqi
18%
Everything is negotiable, except overtime. Rosaria
18%
Each day is a new page in my story. I want to savor every scene, every footnote, before I turn to the next one. Durin
15%
Oh no! Did you bump into something? Well, if it hurts, just let me know. Sigewinne
15%
Oh... Nighttime already. Time moves so quickly in the outside world — it's all the more important to cherish it. Skirk
15%
If all you need is an electro user, perhaps I can help. Traveler
15%
I—I wasn't waiting for you. I just happened to be resting! Diona
13%
Whew, I can barely open my eyes in this wind, it's so cold... No flying for me in this weather. Ifa
13%
Exploration and trials... Heh, adventuring is right up my alley. Mavuika
13%
The most important part of going out to have fun is... well, going out! So just show up and I'll handle the rest. Mualani
13%
*yawn* There are never any clients at this time of day. Guess I'll go take a nap. Nefer
10%
If you're scared of lightning, hide now. Razor
10%
It's up to me to decide who I want to be and to cut my own path. No one can tell me what to do. Chiori
5%
Here's to a life where the drinks keep flowing and the Mora keeps rolling! Citlali
5%
Where the wind blows, the rain soon follows. Believe me, I have it on good authority. Dahlia
5%
Ah, sun's out, guns out, hehe... Just sucks that I got so much work to do. Dehya
5%
Hey! You're not sneaking off to get a midnight snack without me, are you? ...Bedtime? Oh. Well, good night then! Xiangling
5%
Remember that I don't go easy on anyone, even you! Amber
3%
Peace and good health should be enjoyed by all... If I can provide everyone with a life such as this, I will be content. Candace
3%
Good morning! I was just about to do a few rounds of strength training. Do you want to join? Chevreuse
3%
Prey will usually rest on rainy days. But not the hunter. Clorinde
3%
I heard that you're not supposed to stare at bright-white surfaces for too long... is that really true? It's so beautiful, I can't look away... Lauma
3%
There's no way we'll be able to see the stars tonight in this weather. Unless... I try making the stars appear anyway! Lyney
3%
Huh? ...Why are you giving me that look? Hey— Paimon
3%
<Absolutely No Voice-overs> Wonderland Manekin
3%
Achoo! *sniff* ...Ugh, my shoes and socks are soaking wet. I wanna go home... Aino (Though should be Ayata ;) )
0%
The wind permeates all, cleansing both mind and body. Excellent. Childe
0%
The weather's not bad. Let's get some sun! Hehe, after all, it's excellent for your health. Collei
0%
A familiar sight... Cyno
0%
What's this... a gesture of encouragement? Huh, you have my sincerest gratitude. While we're on the topic — long may such gestures continue. Flins
0%
Mmm, such fair weather. Why don't we do a bit of sunny work? Oh, what sort of work is that, you ask? Haha, well, anything that makes you feel bright and sunny too. Noelle
0%
Sorry. My eyes are open, but I'm still half-asleep... Can this wait? Ororon
0%
Mm? Night already? Time seems to slip away when I'm with you. Sangonomiya Kokomi
0%
No matching quizzes found
Score Distribution
Percent of People with Each Score
Percentile by Number Answered
Your Score History
You have not taken this quiz